Flora & fauna : (Record no. 31842)

000 -LEADER
fixed length control field 00544nam a22001697a 4500
008 - FIXED-LENGTH DATA ELEMENTS--GENERAL INFORMATION
fixed length control field 230810b |||||||| |||| 00| 0 eng d
020 ## - INTERNATIONAL STANDARD BOOK NUMBER
International Standard Book Number 9789887850168
050 ## - LIBRARY OF CONGRESS CALL NUMBER
Classification number NC 997 .F38 2020
100 ## - MAIN ENTRY--PERSONAL NAME
Personal name Fauna & Flora
245 ## - TITLE STATEMENT
Title Flora & fauna :
Remainder of title Design inspired by nature /
Statement of responsibility, etc. Flora & fauna
250 ## - EDITION STATEMENT
Edition statement 2nd ed.
260 ## - PUBLICATION, DISTRIBUTION, ETC. (IMPRINT)
Place of publication, distribution, etc. China:
Name of publisher, distributor, etc. Vishonworkshop,
Date of publication, distribution, etc. 2020.
300 ## - PHYSICAL DESCRIPTION
Extent 247p. ;
Other physical details ill. ;
Dimensions 33cm
500 ## - GENERAL NOTE
General note includes bibliographical references and index.
650 ## - SUBJECT ADDED ENTRY--TOPICAL TERM
Source of heading or term Plants in art
942 ## - ADDED ENTRY ELEMENTS (KOHA)
Source of classification or shelving scheme
Koha item type Hard Covered Materials
Classification part NC 997 .F38 2020
Holdings
Withdrawn status Lost status Source of classification or shelving scheme Damaged status Not for loan Home library Current library Shelving location Date acquired Source of acquisition Full call number Barcode Date last seen Price effective from Koha item type Cost, normal purchase price Total Checkouts
          MACHAKOS UNIVERSITY LIBRARY MACHAKOS UNIVERSITY LIBRARY Open shelf 10/08/2023 Purchase-Urban books center NC 997 .F38 2020 39629 10/08/2023 10/08/2023 Hard Covered Materials    
          MACHAKOS UNIVERSITY LIBRARY MACHAKOS UNIVERSITY LIBRARY Open shelf 16/04/2024 Purchase-Urban books center NC 997 .F38 2020 39791 15/04/2024 13/05/2024 Hard Covered Materials 8500.00  
© Machakos University Library, Along The Highway, Machakos Wote Rd, Machakos, Kenya P.O. Box 136 - 90100 Machakos - Kenya

Tel: ( +254 ) 723 805829 OR Fax : 044-20353 OR Email: library@mksu.ac.ke